[Event "Khazar Cup 2016 (A) Master Tournament"]
[Site "Zibakenar,Iran"]
[Date "2016.02.16"]
[Round "7"]
[Board "5"]
[White "Tiviakov, Sergei"]
[Black "Khodashenas, Mersad"]
[Result "0-1"]
[WhiteElo "2613"]
[BlackElo "2393"]
[PlyCount "0"]
[EventDate "2016.02.11"]
[EventRounds "9"]
[EventCountry "IRI"]

1. e4 {[%clk 1:30:47]} e5 {[%clk 1:30:54]} 2. Bc4 {[%clk 1:31:07]} Nf6
{[%clk 1:31:22]} 3. d3 {[%clk 1:31:32]} c6 {[%clk 1:31:42]} 4. Nf3
{[%clk 1:31:56]} d5 {[%clk 1:32:06]} 5. Bb3 {[%clk 1:32:20]} Bd6 {[%clk 1:32:25]}
6. Nc3 {[%clk 1:32:40]} dxe4 {[%clk 1:32:47]} 7. Nxe4 {[%clk 1:32:56]} Nxe4
{[%clk 1:32:37]} 8. dxe4 {[%clk 1:33:20]} Bg4 {[%clk 1:29:10]} 9. h3
{[%clk 1:32:16]} Bh5 {[%clk 1:22:15]} 10. c3 {[%clk 1:21:05]} Na6
{[%clk 1:18:13]} 11. Be3 {[%clk 1:19:13]} Qc7 {[%clk 1:13:42]} 12. Qe2
{[%clk 1:17:45]} Nc5 {[%clk 1:07:47]} 13. Bc2 {[%clk 1:17:57]} Ne6
{[%clk 1:03:04]} 14. a4 {[%clk 1:13:25]} a5 {[%clk 0:55:12]} 15. g4
{[%clk 1:05:57]} Bg6 {[%clk 0:55:28]} 16. O-O-O {[%clk 1:06:11]} f6
{[%clk 0:51:31]} 17. Nh4 {[%clk 1:03:38]} Bf7 {[%clk 0:43:46]} 18. Nf5
{[%clk 1:02:48]} Bf8 {[%clk 0:37:14]} 19. h4 {[%clk 1:01:23]} h5 {[%clk 0:28:20]}
20. g5 {[%clk 0:59:12]} g6 {[%clk 0:26:31]} 21. gxf6 {[%clk 0:56:03]} gxf5
{[%clk 0:20:43]} 22. exf5 {[%clk 0:56:28]} Nc5 {[%clk 0:20:08]} 23. Bf4
{[%clk 0:20:33]} Nd7 {[%clk 0:18:23]} 24. Rxd7 {[%clk 0:20:58]} Kxd7
{[%clk 0:17:02]} 25. Rd1+ {[%clk 0:21:15]} Kc8 {[%clk 0:09:39]} 26. Bxe5
{[%clk 0:21:38]} Bh6+ {[%clk 0:10:05]} 27. Kb1 {[%clk 0:22:03]} Re8
{[%clk 0:10:29]} 28. f4 Qb6 29. Qf3 {[%clk 0:16:14]} Rd8 {[%clk 0:09:36]} 30. Re1
{[%clk 0:15:04]} Qc5 {[%clk 0:06:59]} 31. Bd4 {[%clk 0:14:26]} Qd5
{[%clk 0:05:22]} 32. Qxd5 {[%clk 0:14:50]} cxd5 {[%clk 0:05:09]} 33. Bd3
{[%clk 0:14:59]} Re8 {[%clk 0:04:48]} 34. Rg1 {[%clk 0:14:58]} Rg8
{[%clk 0:02:41]} 35. Re1 {[%clk 0:15:05]} Re8 {[%clk 0:02:46]} 36. Rg1
{[%clk 0:15:29]} Kc7 {[%clk 0:01:59]} 37. Be5+ {[%clk 0:15:54]} Kb6
{[%clk 0:02:09]} 38. Kc2 {[%clk 0:15:26]} Rg8 {[%clk 0:02:19]} 39. Rg6
{[%clk 0:15:35]} Bf8 {[%clk 0:01:44]} 40. Rg7 {[%clk 0:12:18]} Bxg7
{[%clk 0:01:21]} 41. fxg7 {[%clk 0:12:45]} Rge8 {[%clk 0:00:35]} 42. Kd2
{[%clk 0:12:52]} Kc5 {[%clk 0:00:32]} 43. Ke3 {[%clk 0:09:14]} Re7
{[%clk 0:00:50]} 44. Bb5 {[%clk 0:09:29]} Rae8 {[%clk 0:00:34]} 45. b4+
{[%clk 0:09:51]} axb4 {[%clk 0:00:43]} 46. cxb4+ {[%clk 0:10:18]} Kxb4
{[%clk 0:01:05]} 47. Kd4 {[%clk 0:10:41]} b6 {[%clk 0:00:56]} 48. Bc6
{[%clk 0:04:43]} Rd8 {[%clk 0:00:53]} 49. Bb5 {[%clk 0:04:43]} Rde8
{[%clk 0:01:14]} 50. Bc6 {[%clk 0:05:07]} Rd8 {[%clk 0:01:31]} 51. Bb5
{[%clk 0:05:23]} Kb3 {[%clk 0:01:43]} 52. Bc6 {[%clk 0:05:31]} Ra7
{[%clk 0:00:49]} 53. Bf6 {[%clk 0:04:15]} Rd6 {[%clk 0:00:33]} 54. Be8
{[%clk 0:04:41]} Bg8 {[%clk 0:00:33]} 55. Be5 {[%clk 0:05:03]} Rdd7
{[%clk 0:00:37]} 56. f6 {[%clk 0:05:13]} Rxa4+ {[%clk 0:00:46]} 57. Kd3
{[%clk 0:04:59]} Rf7 {[%clk 0:00:45]} 58. Bc6 {[%clk 0:05:24]} Kb4
{[%clk 0:00:35]} 59. Bd6+ {[%clk 0:04:49]} Ka5 {[%clk 0:01:05]} 60. Be5
{[%clk 0:05:03]} Rc4 {[%clk 0:00:34]} 61. Bxd5 {[%clk 0:04:13]} Rd7
{[%clk 0:01:03]} 62. Kxc4 {[%clk 0:04:36]} Bxd5+ {[%clk 0:01:28]} 63. Kc3
{[%clk 0:05:03]} b5 {[%clk 0:01:19]} 0-1

[Event "Khazar Cup 2016 (A) Master Tournament"]
[Site "Zibakenar,Iran"]
[Date "2016.02.16"]
[Round "7"]
[Board "6"]
[White "Soozankar, A.M."]
[Black "Gabuzyan, Hovhannes"]
[Result "0-1"]
[WhiteElo "2386"]
[BlackElo "2593"]
[PlyCount "0"]
[EventDate "2016.02.11"]
[EventRounds "9"]
[EventCountry "IRI"]

1. e4 {[%clk 1:24:38]} c5 {[%clk 1:30:58]} 2. Nf3 {[%clk 1:24:59]} d6
{[%clk 1:31:25]} 3. Bb5+ {[%clk 1:25:21]} Nd7 {[%clk 1:31:52]} 4. d4
{[%clk 1:25:44]} cxd4 {[%clk 1:32:10]} 5. Qxd4 {[%clk 1:26:06]} a6
{[%clk 1:32:31]} 6. Bxd7+ {[%clk 1:25:58]} Bxd7 {[%clk 1:32:57]} 7. c4
{[%clk 1:26:20]} Nf6 {[%clk 1:32:59]} 8. Nc3 {[%clk 1:26:16]} e5 {[%clk 1:32:58]}
9. Qd3 {[%clk 1:26:25]} h6 {[%clk 1:33:23]} 10. b3 {[%clk 1:26:39]} Be7
{[%clk 1:33:42]} 11. O-O {[%clk 1:27:00]} O-O {[%clk 1:33:30]} 12. a4
{[%clk 1:27:27]} Qc7 {[%clk 1:32:27]} 13. Ba3 {[%clk 1:27:53]} Be6
{[%clk 1:30:55]} 14. Rfd1 {[%clk 1:28:03]} Rad8 {[%clk 1:30:33]} 15. Rac1
{[%clk 1:28:15]} Qb8 {[%clk 1:30:06]} 16. Nd5 {[%clk 1:22:45]} Nxd5
{[%clk 1:26:33]} 17. cxd5 {[%clk 1:22:23]} Bc8 {[%clk 1:27:00]} 18. Qc4
{[%clk 1:10:29]} Bg4 {[%clk 1:22:50]} 19. Qc7 {[%clk 1:08:07]} Rd7
{[%clk 1:22:41]} 20. Qxb8 {[%clk 1:08:29]} Rxb8 {[%clk 1:23:07]} 21. Rd3
{[%clk 1:05:14]} f5 {[%clk 1:22:41]} 22. Nd2 {[%clk 1:04:20]} Bg5
{[%clk 1:22:37]} 23. Re1 {[%clk 1:02:14]} b5 {[%clk 1:21:07]} 24. f3
{[%clk 1:00:31]} fxe4 {[%clk 1:21:32]} 25. Nxe4 {[%clk 1:00:57]} Bf5
{[%clk 1:21:58]} 26. Rdd1 {[%clk 0:50:26]} bxa4 {[%clk 1:18:50]} 27. Bxd6
{[%clk 0:47:44]} Rbd8 {[%clk 1:14:38]} 28. Bxe5 {[%clk 0:46:21]} axb3
{[%clk 1:15:03]} 29. d6 {[%clk 0:43:06]} Bxe4 {[%clk 1:14:57]} 30. fxe4
{[%clk 0:37:30]} Kf7 {[%clk 1:14:34]} 31. Rd3 {[%clk 0:37:19]} Ke6
{[%clk 1:14:48]} 32. Bb2 {[%clk 0:37:40]} Rb7 {[%clk 1:13:37]} 33. e5
{[%clk 0:36:51]} a5 {[%clk 1:11:27]} 34. Ra1 {[%clk 0:34:45]} Ra8
{[%clk 1:11:02]} 35. Ra4 {[%clk 0:35:09]} Bd8 {[%clk 1:09:59]} 36. Kf2
{[%clk 0:35:25]} Rc8 {[%clk 1:10:24]} 37. Ke2 {[%clk 0:35:52]} Rc2+
{[%clk 1:10:39]} 0-1

[Event "Khazar Cup 2016 (A) Master Tournament"]
[Site "Zibakenar,Iran"]
[Date "2016.02.16"]
[Round "7"]
[Board "7"]
[White "Ghaem Maghami, Ehsan"]
[Black "Mahjoob Zardast, Morteza"]
[Result "1-0"]
[WhiteElo "2570"]
[BlackElo "2361"]
[PlyCount "0"]
[EventDate "2016.02.11"]
[EventRounds "9"]
[EventCountry "IRI"]

1. c4 {[%clk 1:29:53]} Nf6 {[%clk 1:24:13]} 2. Nc3 {[%clk 1:29:24]} g6
{[%clk 1:24:24]} 3. g3 {[%clk 1:25:12]} Bg7 {[%clk 1:23:19]} 4. Bg2
{[%clk 1:25:27]} O-O {[%clk 1:21:47]} 5. d4 {[%clk 1:24:57]} d6 {[%clk 1:21:21]}
6. Nf3 {[%clk 1:24:58]} Nbd7 {[%clk 1:15:13]} 7. O-O {[%clk 1:23:47]} e5
{[%clk 1:15:28]} 8. e4 {[%clk 1:23:13]} Re8 {[%clk 1:14:13]} 9. Re1
{[%clk 1:12:49]} exd4 {[%clk 1:01:45]} 10. Nxd4 {[%clk 1:12:59]} a6
{[%clk 0:58:07]} 11. b3 {[%clk 1:02:24]} Rb8 {[%clk 0:56:28]} 12. Bf4
{[%clk 0:55:16]} Nh5 {[%clk 0:51:42]} 13. Be3 {[%clk 0:55:12]} c5
{[%clk 0:52:07]} 14. Nde2 {[%clk 0:55:24]} b5 {[%clk 0:52:34]} 15. Qxd6
{[%clk 0:49:11]} b4 {[%clk 0:52:25]} 16. Na4 {[%clk 0:49:09]} Bxa1
{[%clk 0:52:50]} 17. Rxa1 {[%clk 0:49:31]} Re6 {[%clk 0:45:50]} 18. Qd2
{[%clk 0:41:54]} Qe7 {[%clk 0:45:04]} 19. Rd1 {[%clk 0:41:37]} Rxe4
{[%clk 0:37:12]} 20. Bxe4 Qxe4 21. Nxc5 {[%clk 0:37:56]} Nxc5 {[%clk 0:31:02]}
22. Qd8+ {[%clk 0:38:01]} Kg7 {[%clk 0:31:28]} 23. Bxc5 Bb7 {[%clk 0:27:07]} 24.
Qd4+ {[%clk 0:33:14]} Kh6 {[%clk 0:18:16]} 25. Qxe4 {[%clk 0:29:59]} Bxe4
{[%clk 0:18:42]} 26. Nd4 {[%clk 0:30:23]} Ng7 {[%clk 0:17:42]} 27. f3
{[%clk 0:22:54]} Ba8 {[%clk 0:17:10]} 28. Bd6 {[%clk 0:16:58]} Rb7
{[%clk 0:16:46]} 29. Kf2 {[%clk 0:14:23]} Ne6 {[%clk 0:09:57]} 30. Nxe6
{[%clk 0:14:29]} fxe6 {[%clk 0:10:23]} 31. Bf8+ {[%clk 0:14:49]} Kg5
{[%clk 0:10:47]} 32. Rd8 {[%clk 0:15:11]} 1-0

[Event "Khazar Cup 2016 (A) Master Tournament"]
[Site "Zibakenar,Iran"]
[Date "2016.02.16"]
[Round "7"]
[Board "8"]
[White "Tahbaz, Arash"]
[Black "Idani, Pouya"]
[Result "1/2-1/2"]
[WhiteElo "2282"]
[BlackElo "2568"]
[PlyCount "0"]
[EventDate "2016.02.11"]
[EventRounds "9"]
[EventCountry "IRI"]

1. e4 {[%clk 1:30:01]} c5 {[%clk 1:30:55]} 2. Nf3 {[%clk 1:30:16]} d6
{[%clk 1:31:22]} 3. d4 {[%clk 1:30:39]} cxd4 {[%clk 1:31:18]} 4. Nxd4
{[%clk 1:31:02]} Nf6 {[%clk 1:32:15]} 5. Nc3 {[%clk 1:31:26]} a6 {[%clk 1:32:44]}
6. f3 {[%clk 1:31:40]} e5 {[%clk 1:33:09]} 7. Nb3 {[%clk 1:32:06]} Be6
{[%clk 1:33:36]} 8. Be3 {[%clk 1:32:30]} h5 {[%clk 1:34:04]} 9. Qd2
{[%clk 1:32:50]} Nbd7 {[%clk 1:34:29]} 10. Nd5 {[%clk 1:33:15]} Bxd5
{[%clk 1:34:54]} 11. exd5 {[%clk 1:33:40]} g6 {[%clk 1:35:18]} 12. O-O-O
{[%clk 1:34:04]} Nb6 {[%clk 1:35:41]} 13. Kb1 {[%clk 1:34:29]} Rc8
{[%clk 1:32:47]} 14. Qa5 {[%clk 1:28:37]} Nfd7 {[%clk 1:31:32]} 15. Qb4
{[%clk 1:24:11]} Qc7 {[%clk 1:28:47]} 16. c3 {[%clk 1:19:19]} h4 {[%clk 1:24:11]}
17. f4 {[%clk 1:16:44]} Bg7 {[%clk 1:20:07]} 18. Be2 {[%clk 1:04:50]} exf4
{[%clk 1:15:17]} 19. Bxf4 {[%clk 1:04:00]} Be5 {[%clk 1:10:51]} 20. Bg4
{[%clk 0:57:42]} Qc4 {[%clk 1:03:44]} 21. Bxe5 {[%clk 0:38:55]} Qxb4
{[%clk 1:03:58]} 22. cxb4 {[%clk 0:38:35]} dxe5 {[%clk 1:04:12]} 23. Na5
{[%clk 0:38:40]} f5 {[%clk 0:59:24]} 24. Be2 {[%clk 0:38:46]} Rb8
{[%clk 0:59:49]} 25. d6 {[%clk 0:35:51]} Nf6 {[%clk 0:51:43]} 26. Rc1 Nfd5 27.
Rhd1 {[%clk 0:31:41]} Kd7 {[%clk 0:45:48]} 28. Rc5 Nxb4 {[%clk 0:40:48]} 29. Rxe5
{[%clk 0:25:33]} Nc6 {[%clk 0:33:45]} 30. Nxc6 {[%clk 0:25:20]} bxc6
{[%clk 0:34:10]} 31. Re7+ {[%clk 0:22:18]} Kd8 {[%clk 0:34:33]} 32. Bf3
{[%clk 0:21:23]} c5 {[%clk 0:31:19]} 33. Rde1 {[%clk 0:18:56]} Nd7
{[%clk 0:28:13]} 34. Bc6 {[%clk 0:09:22]} Nf6 {[%clk 0:28:36]} 35. Ra7
{[%clk 0:06:45]} h3 {[%clk 0:18:18]} 36. g3 {[%clk 0:06:45]} Ne4 37. Bxe4 Re8 38.
Rf7 {[%clk 0:01:07]} Rb4 {[%clk 0:18:18]} 39. Bc6 {[%clk 0:01:19]} Rxe1+
{[%clk 0:17:52]} 40. Kc2 {[%clk 0:01:49]} Rbe4 {[%clk 0:17:22]} 41. a3
{[%clk 0:00:33]} R1e2+ {[%clk 0:17:12]} 42. Kd1 {[%clk 0:00:32]} Re1+ 43. Kd2
R1e2+ {[%clk 0:17:41]} 44. Kd1 {[%clk 0:01:24]} Re1+ {[%clk 0:17:44]} 45. Kc2
{[%clk 0:00:59]} R1e2+ {[%clk 0:18:07]} 46. Kd1 {[%clk 0:00:31]} Re1+
{[%clk 0:18:23]} 47. Kc2 {[%clk 0:00:56]} R1e2+ {[%clk 0:18:48]} 48. Kd1
{[%clk 0:00:33]} Re1+ {[%clk 0:19:13]} 49. Kd2 {[%clk 0:01:00]} R1e2+
{[%clk 0:19:38]} 1/2-1/2

[Event "Khazar Cup 2016 (A) Master Tournament"]
[Site "Zibakenar,Iran"]
[Date "2016.02.16"]
[Round "7"]
[Board "9"]
[White "Grabliauskas, Virginijus"]
[Black "Malaniuk, Vladimir P"]
[Result "0-1"]
[WhiteElo "2322"]
[BlackElo "2482"]
[PlyCount "0"]
[EventDate "2016.02.11"]
[EventRounds "9"]
[EventCountry "IRI"]

1. d4 {[%clk 1:30:54]} d6 {[%clk 1:30:26]} 2. Nf3 {[%clk 1:31:08]} g6
{[%clk 1:30:08]} 3. g3 {[%clk 1:30:43]} Bg7 {[%clk 1:30:19]} 4. Bg2
{[%clk 1:31:05]} e5 {[%clk 1:28:33]} 5. dxe5 {[%clk 1:28:05]} dxe5
{[%clk 1:28:48]} 6. Qxd8+ {[%clk 1:28:29]} Kxd8 {[%clk 1:29:13]} 7. Nc3
{[%clk 1:27:46]} c6 {[%clk 1:15:55]} 8. Be3 {[%clk 1:17:20]} Nd7 {[%clk 0:59:51]}
9. O-O-O {[%clk 1:08:59]} Ke7 {[%clk 0:53:34]} 10. g4 {[%clk 0:57:29]} Nh6
{[%clk 0:46:54]} 11. Bh3 {[%clk 0:50:13]} f6 {[%clk 0:43:49]} 12. g5
{[%clk 0:36:18]} Nf5 {[%clk 0:43:05]} 13. gxf6+ {[%clk 0:35:53]} Bxf6
{[%clk 0:42:11]} 14. Bd2 {[%clk 0:32:33]} Nc5 {[%clk 0:32:34]} 15. Ng5 Nd6
{[%clk 0:26:44]} 16. Bxc8 {[%clk 0:31:11]} Raxc8 {[%clk 0:26:46]} 17. Be3
{[%clk 0:28:29]} Bxg5 {[%clk 0:19:16]} 18. Bxg5+ {[%clk 0:28:46]} Ke6
{[%clk 0:19:45]} 19. f3 {[%clk 0:20:09]} b6 {[%clk 0:19:08]} 20. b3
{[%clk 0:19:00]} Ncb7 {[%clk 0:16:17]} 21. a4 {[%clk 0:16:48]} Rhf8
{[%clk 0:14:22]} 22. Kb2 {[%clk 0:15:41]} Rc7 {[%clk 0:12:14]} 23. h4
{[%clk 0:14:49]} Rcf7 {[%clk 0:09:56]} 24. Rdg1 {[%clk 0:13:53]} Rf5
{[%clk 0:09:42]} 25. Rg4 {[%clk 0:12:24]} Nc5 {[%clk 0:08:29]} 26. h5
{[%clk 0:11:51]} Nf7 {[%clk 0:07:49]} 27. Be3 {[%clk 0:11:51]} Rxh5
{[%clk 0:07:49]} 28. Rxh5 {[%clk 0:11:51]} gxh5 {[%clk 0:07:49]} 29. Rh4
{[%clk 0:11:51]} Nd7 {[%clk 0:07:49]} 30. a5 {[%clk 0:11:51]} Nd6
{[%clk 0:07:49]} 31. Rxh5 {[%clk 0:11:51]} Nf6 {[%clk 0:07:49]} 32. Rh1
{[%clk 0:11:51]} Nf5 {[%clk 0:07:49]} 33. Bg5 {[%clk 0:11:51]} h6
{[%clk 0:07:49]} 34. Bd2 {[%clk 0:11:51]} h5 {[%clk 0:07:49]} 35. axb6
{[%clk 0:11:51]} axb6 {[%clk 0:07:49]} 36. Na4 {[%clk 0:11:51]} Ng3
{[%clk 0:07:49]} 37. Rh3 {[%clk 0:11:51]} Nxe2 {[%clk 0:07:49]} 38. Nxb6
{[%clk 0:11:51]} Rg8 {[%clk 0:07:49]} 39. Rh4 {[%clk 0:11:51]} Nd4
{[%clk 0:07:49]} 40. Rh3 {[%clk 0:11:51]} Rg2 {[%clk 0:07:49]} 41. Nc4
{[%clk 0:11:51]} Rf2 {[%clk 0:07:49]} 42. Rh1 {[%clk 0:11:51]} Nxf3
{[%clk 0:07:49]} 43. Bc3 {[%clk 0:11:51]} h4 {[%clk 0:07:49]} 44. Na5
{[%clk 0:11:51]} c5 {[%clk 0:07:49]} 45. Nb7 {[%clk 0:11:51]} Ne4
{[%clk 0:07:49]} 46. Ba5 {[%clk 0:11:51]} Rh2 {[%clk 0:07:49]} 47. Rc1
{[%clk 0:11:51]} h3 {[%clk 0:07:49]} 48. b4 {[%clk 0:11:51]} cxb4
{[%clk 0:07:49]} 49. Kb3 {[%clk 0:11:51]} Rg2 {[%clk 0:07:49]} 50. Bb6
{[%clk 0:11:51]} h2 {[%clk 0:07:49]} 51. Rh1 {[%clk 0:11:51]} Ng3
{[%clk 0:07:49]} 0-1

[Event "Khazar Cup 2016 (A) Master Tournament"]
[Site "Zibakenar,Iran"]
[Date "2016.02.16"]
[Round "7"]
[Board "10"]
[White "Stopa, Jacek"]
[Black "Asgari, Morteza"]
[Result "1/2-1/2"]
[WhiteElo "2460"]
[BlackElo "2189"]
[PlyCount "0"]
[EventDate "2016.02.11"]
[EventRounds "9"]
[EventCountry "IRI"]

1. d4 Nf6 2. Bg5 d5 3. Bxf6 gxf6 4. e3 c5 5. c3 Qb6 6. Qb3 Nc6 7. Na3 e6 8. Nf3
Bd7 9. Be2 cxd4 10. Qxb6 axb6 11. Nb5 Kd8 12. Nbxd4 Nxd4 13. Nxd4 Bc5 14. O-O Ke7
15. a3 Ba4 16. g3 Rhc8 17. Rfe1 Kf8 18. Nf3 Kg7 19. Bd1 Bxd1 20. Raxd1 f5 21. Kf1
Be7 22. Rd3 Bf6 23. Ke2 h5 24. h4 Kg6 25. Red1 Rc6 26. Kd2 Kg7 27. Kc2 Kf8 28.
Kb3 Rc5 29. R3d2 Rb5+ 30. Kc2 Rc5 31. Ne1 Kg7 32. Nd3 Rc4 33. Nf4 Kh6 34. Ra1 Be5
35. Ne2 Bf6 36. Kd3 Rca4 37. Rc2 Be5 38. Nd4 Kg6 39. Nf3 Bf6 40. Rd2 Rc4 41. Rc1
Rc6 42. Kc2 Rc5 43. Kb3 Rb5+ 44. Ka2 Rc5 45. Rdc2 Rac8 46. Nd2 b5 47. Kb3 b6 48.
Nf3 Rc4 49. Ne1 Be5 50. Nd3 Bd6 51. Ra1 Kf6 52. Rcc1 Ra8 53. Kc2 Rac8 54. Kd2 Ra4
55. Rg1 Kg6 56. Nf4+ Kh6 57. Ne2 Be5 58. Rgc1 Kg6 59. Kd3 Rca8 60. Kc2 Rc8 61.
Rd1 Kf6 62. f4 Bd6 63. b4 Rg8 64. Rg1 e5 65. Kb3 Ke6 66. Rgd1 f6 67. Rd2 Rga8 68.
Kb2 Be7 69. Nc1 Rg8 70. Ne2 Rga8 71. Nc1 Rg8 72. Rg2 Bd6 73. Nd3 Rga8 74. Kb3
R4a7 1/2-1/2

[Event "Khazar Cup 2016 (A) Master Tournament"]
[Site "Zibakenar,Iran"]
[Date "2016.02.16"]
[Round "7"]
[Board "11"]
[White "Moradi, Amirmasoud"]
[Black "Gholami, Aryan"]
[Result "0-1"]
[WhiteElo "2209"]
[BlackElo "2417"]
[PlyCount "0"]
[EventDate "2016.02.11"]
[EventRounds "9"]
[EventCountry "IRI"]

1. e4 {[%clk 1:27:27]} c5 {[%clk 1:30:40]} 2. Nf3 {[%clk 1:27:29]} e6
{[%clk 1:30:38]} 3. d4 {[%clk 1:27:31]} cxd4 {[%clk 1:30:44]} 4. Nxd4
{[%clk 1:27:38]} a6 {[%clk 1:30:52]} 5. Bd3 {[%clk 1:27:51]} Qc7 {[%clk 1:29:55]}
6. O-O {[%clk 1:27:47]} Nf6 {[%clk 1:29:27]} 7. Qe2 {[%clk 1:27:00]} d6
{[%clk 1:28:33]} 8. c4 {[%clk 1:19:06]} g6 {[%clk 1:27:48]} 9. Nc3
{[%clk 1:09:24]} Bg7 {[%clk 1:27:52]} 10. Be3 {[%clk 1:08:07]} O-O
{[%clk 1:26:53]} 11. Rac1 {[%clk 1:06:21]} Nc6 {[%clk 1:23:25]} 12. Rfd1
{[%clk 0:55:07]} Ne5 {[%clk 1:18:12]} 13. f3 {[%clk 0:53:24]} Bd7
{[%clk 1:08:31]} 14. b3 {[%clk 0:51:06]} Rac8 {[%clk 1:05:42]} 15. Qf2
{[%clk 0:44:20]} Nxd3 {[%clk 0:54:37]} 16. Rxd3 {[%clk 0:44:49]} b5
{[%clk 0:54:23]} 17. cxb5 {[%clk 0:22:02]} axb5 {[%clk 0:54:38]} 18. Qb2 Qb8
{[%clk 0:52:36]} 19. b4 {[%clk 0:18:50]} Rc4 {[%clk 0:50:50]} 20. Nde2 Rfc8
{[%clk 0:41:44]} 21. Qd2 {[%clk 0:14:05]} Ne8 {[%clk 0:38:20]} 22. a3
{[%clk 0:13:35]} Qa8 {[%clk 0:36:45]} 23. Na2 {[%clk 0:12:47]} Qa4
{[%clk 0:35:04]} 24. Qd1 {[%clk 0:10:49]} Qa8 {[%clk 0:26:36]} 25. Bd4
{[%clk 0:08:57]} Bh6 {[%clk 0:25:01]} 26. Rcc3 {[%clk 0:08:53]} Rxc3
{[%clk 0:20:34]} 27. Naxc3 {[%clk 0:07:45]} Rc4 {[%clk 0:19:04]} 28. Qb3
{[%clk 0:05:11]} Qc6 {[%clk 0:17:53]} 29. h3 {[%clk 0:05:19]} Nc7
{[%clk 0:17:32]} 30. Qd1 {[%clk 0:05:10]} Bf8 {[%clk 0:13:55]} 31. Qe1
{[%clk 0:05:10]} e5 {[%clk 0:13:55]} 32. Be3 {[%clk 0:05:10]} Qa6
{[%clk 0:13:55]} 33. Bc1 {[%clk 0:05:10]} Bc6 {[%clk 0:13:55]} 34. Kh2
{[%clk 0:05:10]} Qa8 {[%clk 0:13:55]} 35. Qg3 {[%clk 0:05:10]} Qe8
{[%clk 0:13:55]} 36. Be3 {[%clk 0:05:10]} Qe6 {[%clk 0:13:55]} 37. Qh4
{[%clk 0:05:10]} f5 {[%clk 0:13:55]} 38. Qd8 {[%clk 0:05:10]} Qe7
{[%clk 0:13:55]} 39. Qxe7 {[%clk 0:01:01]} Bxe7 {[%clk 0:09:09]} 40. exf5
{[%clk 0:01:05]} gxf5 {[%clk 0:09:37]} 41. f4 {[%clk 0:00:57]} Kf7
{[%clk 0:08:50]} 42. g3 {[%clk 0:00:57]} Ke6 {[%clk 0:08:50]} 43. Kg1
{[%clk 0:00:57]} Nd5 {[%clk 0:08:50]} 44. Nxd5 {[%clk 0:00:57]} Bxd5
{[%clk 0:08:50]} 45. Kf2 {[%clk 0:00:57]} Bf6 {[%clk 0:08:50]} 46. g4
{[%clk 0:00:57]} Be4 {[%clk 0:08:50]} 47. Rd2 {[%clk 0:00:57]} Bh4+
{[%clk 0:08:50]} 48. Kf1 {[%clk 0:00:57]} fxg4 {[%clk 0:08:50]} 49. hxg4
{[%clk 0:00:57]} Bf3 {[%clk 0:08:50]} 50. f5+ {[%clk 0:00:57]} Ke7
{[%clk 0:08:50]} 51. g5 {[%clk 0:00:57]} d5 {[%clk 0:08:50]} 52. Bc5+
{[%clk 0:00:57]} Kf7 {[%clk 0:08:50]} 53. Bd6 {[%clk 0:00:57]} Bxg5
{[%clk 0:08:50]} 54. Rd3 {[%clk 0:00:57]} Be4 {[%clk 0:08:50]} 55. Rg3
{[%clk 0:00:57]} Ke6 {[%clk 0:08:42]} 56. Rd3+ {[%clk 0:00:53]} Kf7
{[%clk 0:06:42]} 57. Rg3 {[%clk 0:00:55]} Bh4 {[%clk 0:05:34]} 58. Rg4
{[%clk 0:01:05]} Bf6 {[%clk 0:05:50]} 59. Ng3 {[%clk 0:01:11]} Bd3+
{[%clk 0:06:14]} 0-1

[Event "Khazar Cup 2016 (A) Master Tournament"]
[Site "Zibakenar,Iran"]
[Date "2016.02.16"]
[Round "7"]
[Board "12"]
[White "Hosseinzadeh, Nima"]
[Black "Morchiashvili, Bachana"]
[Result "0-1"]
[WhiteElo "2207"]
[BlackElo "2342"]
[PlyCount "0"]
[EventDate "2016.02.11"]
[EventRounds "9"]
[EventCountry "IRI"]

1. e4 c5 2. Nf3 Nc6 3. d4 cxd4 4. Nxd4 g6 5. Nc3 Bg7 6. Be3 Nf6 7. Bc4 O-O 8. Bb3
d6 9. f3 Bd7 10. Qd2 Nxd4 11. Bxd4 b5 12. a4 a6 13. O-O Bc6 14. Rfe1 e6 15. axb5
axb5 16. Rad1 Qc7 17. Bf2 Rfd8 18. Bg3 b4 19. Na2 Ba4 20. Nxb4 Bxb3 21. cxb3 Rab8
22. Nc2 Qb6+ 23. Qe3 Nh5 24. Qxb6 Rxb6 25. Rd3 Nxg3 26. hxg3 Rdb8 27. Red1 Bxb2
28. Rxd6 Rxd6 29. Rxd6 Be5 30. Rc6 Bxg3 31. b4 Rd8 32. Kf1 Rd1+ 33. Ke2 Rg1 34.
Ne3 h5 35. Ra6 Re1+ 36. Kd3 Rb1 37. Nc2 Rd1+ 38. Ke2 Rg1 39. Ne3 Bf4 40. Ra2 Rb1
41. Nc2 Bd6 42. Kd3 Bxb4 43. Nxb4 Rxb4 44. Ke3 h4 45. Kf4 Rb5 46. Kg4 g5 47. g3
hxg3 48. Kxg3 Kg7 49. Ra3 Rb4 50. Rc3 Kf6 51. Ra3 Kg6 52. Rc3 Kh5 53. Ra3 f5 54.
exf5 exf5 55. Rc3 Rb1 56. Rc8 f4+ 57. Kh3 Rg1 58. Rh8+ Kg6 59. Kh2 Rg3 0-1

[Event "Khazar Cup 2016 (A) Master Tournament"]
[Site "Zibakenar,Iran"]
[Date "2016.02.17"]
[Round "8"]
[Board "1"]
[White "Volkov, Sergey"]
[Black "Mousavi, Seyed Khalil"]
[Result "1-0"]
[WhiteElo "2607"]
[BlackElo "2417"]
[PlyCount "0"]
[EventDate "2016.02.11"]
[EventRounds "9"]
[EventCountry "IRI"]

1. d4 {[%clk 1:30:57]} Nf6 {[%clk 1:30:31]} 2. c4 {[%clk 1:31:21]} g6
{[%clk 1:30:54]} 3. Nc3 {[%clk 1:31:44]} d5 {[%clk 1:31:18]} 4. Nf3
{[%clk 1:31:55]} Bg7 {[%clk 1:30:31]} 5. Qb3 {[%clk 1:32:16]} dxc4
{[%clk 1:29:25]} 6. Qxc4 {[%clk 1:32:39]} O-O {[%clk 1:29:08]} 7. e4
{[%clk 1:33:03]} Nc6 {[%clk 1:27:23]} 8. Be2 {[%clk 1:33:19]} e5 {[%clk 1:27:19]}
9. d5 {[%clk 1:33:43]} Nd4 {[%clk 1:27:46]} 10. Nxd4 {[%clk 1:34:05]} exd4
{[%clk 1:28:11]} 11. Qxd4 {[%clk 1:34:30]} c6 {[%clk 1:27:55]} 12. Qc4
{[%clk 1:34:43]} cxd5 {[%clk 1:17:30]} 13. exd5 {[%clk 1:32:16]} Bf5
{[%clk 1:15:38]} 14. O-O {[%clk 1:32:39]} Rc8 {[%clk 1:14:42]} 15. Qb3
{[%clk 1:32:28]} Ne4 {[%clk 1:12:21]} 16. Nxe4 {[%clk 1:32:48]} Bxe4
{[%clk 1:12:47]} 17. Bf3 {[%clk 1:33:13]} Bxf3 {[%clk 1:07:14]} 18. Qxf3
{[%clk 1:33:26]} Qd7 {[%clk 0:57:37]} 19. Bf4 {[%clk 1:33:23]} Qf5
{[%clk 0:46:43]} 20. Rad1 {[%clk 1:29:08]} Bxb2 {[%clk 0:42:09]} 21. d6
{[%clk 1:22:48]} Rcd8 {[%clk 0:35:39]} 22. Rd5 {[%clk 1:17:49]} Qe6
{[%clk 0:31:07]} 23. Rd2 {[%clk 1:07:10]} Bf6 {[%clk 0:24:07]} 24. Qxb7
{[%clk 1:05:25]} Rd7 {[%clk 0:23:32]} 25. Qb5 {[%clk 0:58:35]} Re8
{[%clk 0:21:37]} 26. h3 {[%clk 0:55:47]} h5 {[%clk 0:20:04]} 27. Rc1
{[%clk 0:49:54]} Bd8 {[%clk 0:16:36]} 28. Rcc2 {[%clk 0:43:22]} Qf6
{[%clk 0:17:00]} 29. Re2 {[%clk 0:38:16]} Rxe2 {[%clk 0:15:22]} 30. Rxe2
{[%clk 0:38:19]} Rxd6 {[%clk 0:15:41]} 31. Qe8+ {[%clk 0:33:28]} Kh7
{[%clk 0:15:41]} 32. Bxd6 {[%clk 0:33:38]} Qxd6 {[%clk 0:16:05]} 33. Qxf7+
{[%clk 0:34:03]} Kh6 {[%clk 0:16:25]} 34. Qe6 {[%clk 0:34:06]} 1-0